|
|
|
|
| LEADER |
00000nam0a2200000 4500 |
| 001 |
103691 |
| 005 |
20231031113734.0 |
| 010 |
|
|
|a 5777703542
|
| 035 |
|
|
|a (RuTPU)RU\TPU\book\111786
|
| 090 |
|
|
|a 103691
|
| 100 |
|
|
|a 20061020d2006 m y0rusy50 ca
|
| 101 |
0 |
|
|a rus
|
| 102 |
|
|
|a RU
|
| 105 |
|
|
|a y z 000zy
|
| 200 |
1 |
|
|a В поисках здравого смысла. Двадцать лет российских экономических реформ
|f Н. П. Шмелев
|
| 210 |
|
|
|a Москва
|c Весь мир
|d 2006
|
| 215 |
|
|
|a 504 с.
|
| 225 |
1 |
|
|a Тема
|
| 330 |
|
|
|a В книге известного экономиста и писателя Николая Петровича Шмелева объединено все самое важное из написанного им за последние 20 лет о проблемах российской экономики. Ни одна из статей не потеряла актуальности и сегодня. Книга рассказывает о том мучительном пути преобразований, который пришлось преодолеть нашей стране, чтобы занять достойное место в современном мире. Большой интерес представляют аналитические выкладки автора, его стремление заглянуть в будущее и дать свой сценарий развития России в ближайшие 50 лет. Для широкого круга читателей.
|
| 610 |
1 |
|
|a экономика
|
| 610 |
1 |
|
|a Россия
|
| 610 |
1 |
|
|a экономические реформы
|
| 610 |
1 |
|
|a 20 век
|
| 610 |
1 |
|
|a 21 век
|
| 610 |
1 |
|
|a рыночная экономика
|
| 610 |
1 |
|
|a экономические кризисы
|
| 610 |
1 |
|
|a экономические трансформации
|
| 610 |
1 |
|
|a постсоветская экономика
|
| 686 |
|
|
|a У9(2)0-183
|v LBC/SL-A
|2 rubbk
|
| 700 |
|
1 |
|a Шмелев
|b Н. П.
|g Николай Петрович
|
| 801 |
|
1 |
|a RU
|b 63413507
|c 20061020
|g PSBO
|
| 801 |
|
2 |
|a RU
|b 63413507
|c 20120917
|g PSBO
|
| 942 |
|
|
|c BK
|
| 959 |
|
|
|a 89/20061012
|d 1
|e 367,29
|f ЧЗГЛ:1
|